000 02954cam a2200301 4500500
005 20251228052906.0
041 _afre
042 _adc
100 1 0 _aSili, Marcelo E.
_eauthor
245 0 0 _aLa Terre de Feu face à l'avenir. De la crise du territoire à la construction d'un nouveau mythe de développement
260 _c2005.
500 _a82
520 _aRésuméDans l’imaginaire collectif argentin, la Terre de Feu a toujours été un territoire mythique, grâce à ses ressources inexplorées, son isolement et la rigueur de son climat. Son évolution et son développement ont été dans une grande mesure déterminés par cette image, ainsi que par les activités productives qui s’y déployaient. Actuellement, la crise territoriale de l’île (économique, sociale et environnementale) demande la création d’un nouveau mythe de développement durable qui lui permette de répondre à la situation actuelle. Or, malgré cette promesse, la province doit faire face à un contexte national très complexe qui limite ses possibilités réelles de développement.
520 _aIn the collective imagination, the province of Tierra de Fuego has always been considered a mythical territory because of its unexplored resources, isolation from urban centres and extreme climatic conditions. Its evolution and development were always influenced by this mythical image and by the economic activities developed there. The territorial crisis now affecting the island (not only a political crisis, but also a social and environmental one) calls for the creation of a new, sustainable, development myth to overcome this situation. However, despite this promise, the province must deal with a highly complex national context, which limits its real development potential.
520 _aResumenLa Tierra del Fuego ha sido en el imaginario colectivo nacional un territorio mítico gracias a sus recursos inexplorados, su lejanía de los centros poblados y la rigurosidad del clima. Su evolución, y desarrollo, siempre estuvo influenciado por esta imágen mítica y por las actividades productivas que en ella se desarrollaban. Actualmente, la crisis territorial de la Isla (social, económica y ambiental) demanda la creación de un nuevo mito de desarrollo sostenible que le permita superar la situación actual. No obstante esta promesa de desarrollo sostenible se enfrenta actualmente a un contexto nacional muy complejo que limita las posibilidades reales de desarrollo.
690 _aArgentine
690 _adéveloppement
690 _amythe
690 _aprospective
690 _aTerre de Feu
690 _aArgentina
690 _adevelopment
690 _aforecasting
690 _amyth
690 _aTierra del Fuego
786 0 _nL’Espace géographique | 34 | 1 | 2005-03-01 | p. 17-27 | 0046-2497
856 4 1 _uhttps://shs.cairn.info/revue-espace-geographique-2005-1-page-17?lang=fr&redirect-ssocas=7080
999 _c1584782
_d1584782